000 00397nam a2200145Ia 4500
008 151213s9999 xx 000 0 und d
100 _aPhilip Rice & Patricia Wangh
245 _aModern Literary Theory
_cPhilip Rice & Patricia Wangh
260 _aLondon
_bArnold
_c2001
300 _a2206 p.
650 _aEnglish
650 _aEnglish
700 _aPhilip Rice & Patricia Wangh
999 _c1611
_d1611